000 00555cam a22002053a 4500
001 41100
003 PGUSA
005 20140828083927.0
008 121018s2012||||xxu|||||s|||||000 | eng d
040 _aPGUSA
_beng
042 _adc
100 1 _aLoti, Pierre,
_d1850-1923
245 1 0 _aL'exilée
_h[electronic resource] /
_cPierre Loti
260 _bProject Gutenberg,
_c2012
506 _aPublic domain in the USA.
516 _aElectronic text
830 0 _aProject Gutenberg
_v41100
856 4 0 _uhttp://www.gutenberg.org/ebooks/41100
942 _cEB
999 _c270352
_d270352